01419nam a22003617a 4500003000500000005001700005008004100022010001000063011001000073035001000083040000900093090001000102100004800112245015600160260003800316300003800354502005700392590003700449590004100486590004100527590004100568590004100609590004100650590004200691650004600733650003200779650005000811901000700861942001000868949003500878999001700913952012700930CHAP20220329135402.0971013s1963 r 00010 d a35455 a36427 a40546 cCHAP aTesis00aPaillés Bouchéz, Carlos Antonio.984747 aPlaneación y anteproyecto de las obras necesarias para habilitar predios agropecuarios en la cuenca media del río Tesechoacán, estado de Veracruz aMéxico, D.F. :bEl autor,c1963 a100 h.b: ilus. ; gráfs. ; mapa aTesis (Ing. Civil) -- UNAM. Facultad de Ingeniería aALEPHb10c20130110lUCH01h1301 aBATCH-UPDb10c20130110lUCH01h0323 aBATCH-UPDb10c20130110lUCH01h2237 aBATCH-UPDb10c20130409lUCH01h2356 aBATCH-UPDb10c20130410lUCH01h1532 aBATCH-UPDb10c20130914lUCH01h1657 aCONVERSIONb10c20130109lUCH01h132014aIrrigaciónxProyectosxVeracruz.96047314aRío Tesechoacán.99915114aTierrasxRecuperación dexVeracruz.9113127 aBK cTESIS bBCcTESd-92616eTS1i40546si c35455d35455 00102local4051708TESISaBCbBCcPA_TESISd2012-12-17fTESISl0oTesisp-92616r2019-12-31 00:00:00w2019-12-31yTESIS